000 00276nam a2200133Ia 4500
100 _aBansal/R.k
942 _cBK
654 _aFluid
245 _afluid mechanics and hydraulic machines
260 _bLaxmi
_c2000
082 _a532
_bBAN
300 _a957
546 _aENGLISH
999 _c26118
_d26118